| 000 | 00379nam a22001697a 4500 | ||
|---|---|---|---|
| 003 | OSt | ||
| 008 | 230324b |||||||| |||| 00| 0 eng d | ||
| 020 | _a9789332536524 | ||
| 082 | _a174.4 RIB | ||
| 100 | _aDEGEORGE,Richard | ||
| 245 | _aBusiness Ethics | ||
| 250 | _a7th Ed | ||
| 260 |
_aUP _bPearson _c2015 |
||
| 300 | _a550 | ||
| 650 | _aBusiness Ethics | ||
| 942 |
_2ddc _cREF |
||
| 999 |
_c11878 _d11878 |
||